|
|
|
|
| LEADER |
01136nam a2200337 4500 |
| 001 |
000006189 |
| 003 |
2344 |
| 005 |
20110906090946.0 |
| 008 |
110905s1987 viesd |
| 020 |
|
|
|c 12000đ
|
| 041 |
0 |
|
|a vie
|
| 082 |
|
|
|a 155.45
|b ZHA
|
| 100 |
0 |
|
|a Zakharov.L.A
|
| 245 |
|
0 |
|a Liệu pháp tâm lý loạn thần kinh chức năng ở trẻ em và thiếu niên
|c Zakharov.L.A; Lê Hải Chi dịch
|
| 260 |
|
|
|a H.
|b Mir Maxcơva
|b Y học Hà Nội
|c 1987
|
| 300 |
|
|
|a 220 tr.
|c 20 cm.
|
| 653 |
|
|
|a Liệu pháp tâm lý
|
| 653 |
|
|
|a Trẻ em
|
| 653 |
|
|
|a Thiếu niên
|
| 700 |
|
|
|a Lê Hải Chi
|e Dịch
|
| 910 |
|
|
|a Huỳnh Thị Cẩm Lai
|d 05/09/2011
|
| OWN |
|
|
|a LSP
|
| AVA |
|
|
|a UDN50
|b LSP
|d 155.45 ZHA
|e available
|t Error 5001 Not defined in file expand_doc_bib_avail.
|f 3
|g 2
|h N
|i 0
|k 1
|
| 999 |
|
|
|a From the UDN01
|
| AVA |
|
|
|a UDN50
|b LSP
|d 155.45 ZHA
|e available
|t Error 5001 Not defined in file expand_doc_bib_avail.
|f 3
|g 2
|h N
|i 0
|k 1
|
| TYP |
|
|
|a Monograph
|
| TYP |
|
|
|a Printed language
|
| 980 |
|
|
|a Mạng thư viện Đại học Đà Nẵng
|